000 01002nam a2200289 i 4500
001 000044821
003 DO-SdBNP
005 20250820132327.0
007 ta
008 150113s2015 dr a r 000 0 spa d
020 _a9789945494082
040 _aDO-SdBNP
_bspa
_cBNPHU
_erda
041 _aspa
082 4 _axxxx
_bC389d
_222
100 1 _aCedeño Fernández, Margarita de,
_eautor
_4aut.
_91331
245 1 0 _aDiálogo con Juan Pablo Duarte /
_cMargarita Cedeño de Fernánde z; prólogo, Juan Daniel Balcácer.
264 1 _aSanto Domingo :
_bSerigraf, S.A.,
_c2015.
300 _a80 páginas :
_bilustraciones ;
_c22 cm.
336 _atexto
_btxt
_2rdacontent
337 _asin mediación
_bn
_2rdamedia
338 _avolumen
_bnc
_2rdacarrier
500 _aIncluye datos biográficos del autor en la solapa de la cubierta
504 _aBibliografía : páginas 78-79
590 _aInventariado, 2019/BT
700 1 _aBalcácer, Juan Daniel,
_d1949-
_eprologuista
_4pr.
_96566
942 _2ddc
_cLBS1
999 _c44310
_d44310